| 000 | 01234nam0a2200313 i 4500 | ||
|---|---|---|---|
| 001 | RU\NLR\bibl\1914346 | ||
| 005 | 20260409071320.0 | ||
| 010 |
_a9785918520444 _93000 |
||
| 021 |
_aRU _b2012-40273 _92972 |
||
| 035 | _a(NLR Aleph) 001903860 | ||
| 090 |
_a3084211 _c3084211 |
||
| 100 | _a20120614d2012 k y0rusy50 ca | ||
| 101 | 1 |
_arus _cjpn |
|
| 102 | _aRU | ||
| 105 | _ay ||||||||| | ||
| 200 | 1 |
_aКнига самурая _e[наиболее авторитетные трактаты, посвященные бусидо - "Пути воина" _fпер. с яп. Котенко Р.В., Мишенко А.А.] |
|
| 210 |
_aСанкт-Петербург _cЕвразия _d2012 |
||
| 215 |
_a249, [1] с. _d17 |
||
| 327 | 1 | _aСодерж.: Будосёсинсю/ Юдзан Дайдодзи. Хагакурэ/ Ямамото Цунэтомо | |
| 606 | 1 |
_aВоенная наука _yЯпония _92304879 _3RU\NLR\auth\661379750 |
|
| 606 |
_aСамураи _yЯпония _3RU\NLR\auth\66556808 _91336967 |
||
| 686 | _aТ3(5Я)0-28/-29 | ||
| 686 | _aЦ1,8(5Я)2 | ||
| 702 | 1 |
_aКотенко _bР. В. _4730 |
|
| 801 | 0 |
_aRU _bNLR _c20120614 _gRCR |
|
| 801 | 1 |
_aRU _bNLR _c20120614 |
|
| 942 | _cBOOK | ||
| 980 | _aNBR | ||